[Event "LSS No Engine Cup 231 Preliminary 0"]
[Site "LSS email"]
[Date "2022.11.22"]
[Round "?"]
[White "Ramponelli, Roberto"]
[Black "Cruz Ramirez, Eliecer"]
[Result "0-1"]
[WhiteElo "1507"]
[BlackElo "2041"]
[PlyCount "24"]
[EventDate "2022.11.22"]
[EventType "tourn (corr)"]
[EventRounds "6"]
[EventCountry "GER"]
[SourceTitle "Corr 2024"]
[Source "ChessBase"]
[SourceDate "2023.10.19"]
[SourceVersion "1"]
[SourceVersionDate "2023.10.19"]
[SourceQuality "1"]

1. e4 e5 2. f4 d5 3. exd5 exf4 4. Nf3 Nf6 5. Bc4 Qe7+ 6. Be2 Nxd5 7. 0-0 g5 8. d4 Bg7 9. Re1 0-0 10. Bc4 Qd8 11. Nc3 Nb6 12. Bb3 Nc6 0-1

[Event "LSS No Engine Cup 231 Preliminary 0"]
[Site "LSS email"]
[Date "2022.11.22"]
[Round "?"]
[White "Ramponelli, Roberto"]
[Black "Weiss, Lester"]
[Result "0-1"]
[WhiteElo "1507"]
[BlackElo "2054"]
[PlyCount "30"]
[EventDate "2022.11.22"]
[EventType "tourn (corr)"]
[EventRounds "6"]
[EventCountry "GER"]
[SourceTitle "Corr 2024"]
[Source "ChessBase"]
[SourceDate "2023.10.19"]
[SourceVersion "1"]
[SourceVersionDate "2023.10.19"]
[SourceQuality "1"]

1. d4 Nf6 2. c4 g6 3. Nc3 Bg7 4. e4 d6 5. Nf3 0-0 6. Be2 e5 7. dxe5 dxe5 8. Qxd8 Rxd8 9. Bg5 Re8 10. Nd5 Nxd5 11. cxd5 c6 12. Bc4 cxd5 13. Bxd5 Nd7 14. 0-0-0 h6 15. Be3 Nf6 0-1

[Event "LSS No Engine Cup 229 Preliminary 0"]
[Site "LSS email"]
[Date "2022.08.25"]
[Round "?"]
[White "Puertas, Francisco Javier"]
[Black "Ramponelli, Roberto"]
[Result "1-0"]
[WhiteElo "1600"]
[BlackElo "1542"]
[PlyCount "47"]
[EventDate "2022.08.25"]
[EventType "tourn (corr)"]
[EventRounds "6"]
[EventCountry "GER"]
[SourceTitle "Corr 2024"]
[Source "ChessBase"]
[SourceDate "2023.10.19"]
[SourceVersion "1"]
[SourceVersionDate "2023.10.19"]
[SourceQuality "1"]

1. e4 e5 2. Nf3 Nc6 3. d4 exd4 4. Nxd4 Bc5 5. Be3 Qf6 6. Nb5 Bxe3 7. fxe3 Qh4+ 8. g3 Qd8 9. Qg4 Kf8 10. Qf4 d6 11. N1c3 a6 12. Nd4 Nf6 13. 0-0-0 Bd7 14. h3 Ne5 15. Be2 h6 16. Kb1 Kg8 17. g4 Qe7 18. Nf5 Qe6 19. h4 Re8 20. Nd4 Qe7 21. g5 hxg5 22. hxg5 Nh7 23. Nd5 Qxg5 24. Rxh7 1-0

[Event "LSS No Engine Cup 220 Preliminary 0"]
[Site "LSS email"]
[Date "2021.08.26"]
[Round "?"]
[White "PVlV, Leg"]
[Black "Ramponelli, Roberto"]
[Result "1-0"]
[WhiteElo "1600"]
[BlackElo "1651"]
[PlyCount "87"]
[EventDate "2021.08.26"]
[EventType "tourn (corr)"]
[EventRounds "6"]
[EventCountry "GER"]
[SourceTitle "Corr 2024"]
[Source "ChessBase"]
[SourceDate "2023.10.19"]
[SourceVersion "1"]
[SourceVersionDate "2023.10.19"]
[SourceQuality "1"]

1. d4 Nf6 2. c4 e6 3. a3 d5 4. e3 c5 5. cxd5 exd5 6. Nf3 Nc6 7. Ne5 Bd6 8. f4 0-0 9. Be2 Ne4 10. 0-0 Qb6 11. Nc3 Nxc3 12. bxc3 Bf5 13. Bd3 Bxd3 14. Qxd3 Qd8 15. Bb2 c4 16. Qe2 Re8 17. Qh5 g6 18. Qg4 Ne7 19. f5 Bxe5 20. dxe5 Qb6 21. Bc1 Nc6 22. e6 Ne5 23. exf7+ Kxf7 24. fxg6+ Kg7 25. Qh4 Nxg6 26. Qd4+ Qxd4 27. exd4 Re2 28. Rb1 b6 29. Bg5 Rae8 30. h4 h5 31. Rf3 Ra2 32. Rbf1 Ree2 33. Rf7+ Kg8 34. R7f2 Rxf2 35. Rxf2 Rxf2 36. Kxf2 Nf8 37. Kf3 Ne6 38. g4 hxg4+ 39. Kxg4 b5 40. Kf5 Nxg5 41. Kxg5 a5 42. Kf4 b4 43. cxb4 axb4 44. axb4 1-0

[Event "LSS No Engine Cup 219 Preliminary 0"]
[Site "LSS email"]
[Date "2021.07.10"]
[Round "?"]
[White "Zuedek, Stefan"]
[Black "Ramponelli, Roberto"]
[Result "0-1"]
[WhiteElo "1258"]
[BlackElo "1650"]
[PlyCount "34"]
[EventDate "2021.07.10"]
[EventType "tourn (corr)"]
[EventRounds "6"]
[EventCountry "GER"]
[SourceTitle "Corr 2024"]
[Source "ChessBase"]
[SourceDate "2023.10.19"]
[SourceVersion "1"]
[SourceVersionDate "2023.10.19"]
[SourceQuality "1"]

1. e4 c5 2. Nc3 Nc6 3. f4 e6 4. Nf3 d5 5. Bb5 Nf6 6. d3 Be7 7. 0-0 0-0 8. Qe1 Qb6 9. f5 d4 10. Qg3 dxc3 11. Bh6 Ne8 12. Bc4 cxb2 13. Rab1 Bf6 14. fxe6 Bxe6 15. Bxe6 fxe6 16. Ng5 Nd4 17. e5 Ne2+ 0-1

[Event "LSS No Engine Cup 217 Preliminary 0"]
[Site "LSS email"]
[Date "2021.05.06"]
[Round "?"]
[White "Ramponelli, Roberto"]
[Black "Wilshusen, Horst"]
[Result "1-0"]
[WhiteElo "1744"]
[BlackElo "1458"]
[PlyCount "79"]
[EventDate "2021.05.06"]
[EventType "tourn (corr)"]
[EventRounds "6"]
[EventCountry "GER"]
[SourceTitle "Corr 2024"]
[Source "ChessBase"]
[SourceDate "2023.10.19"]
[SourceVersion "1"]
[SourceVersionDate "2023.10.19"]
[SourceQuality "1"]

1. Nf3 g6 2. d4 Bg7 3. c4 d6 4. Nc3 Nd7 5. e4 e5 6. Be2 Ngf6 7. 0-0 0-0 8. d5 Nc5 9. Qc2 a5 10. Bg5 h6 11. Be3 b6 12. Nd2 Kh7 13. a3 Ng8 14. b4 Nb7 15. Na4 Qe7 16. Rac1 axb4 17. axb4 Bd7 18. Nc3 Rfc8 19. c5 bxc5 20. bxc5 Nxc5 21. Bxc5 dxc5 22. Nb5 Bxb5 23. Bxb5 Qd6 24. Qxc5 Qxc5 25. Rxc5 Bf8 26. Rc2 Bd6 27. Rfc1 Rcb8 28. Bf1 Ne7 29. Nc4 Kg7 30. Nxd6 cxd6 31. Rc7 Kf8 32. Rd7 Rb6 33. Rcc7 Re8 34. g3 f5 35. Bd3 f4 36. Kg2 g5 37. h4 Rb3 38. Be2 fxg3 39. Bh5 Ra8 40. Rxe7 1-0

[Event "LSS No Engine Cup 213 Preliminary 0"]
[Site "LSS email"]
[Date "2021.01.28"]
[Round "?"]
[White "Ramponelli, Roberto"]
[Black "Brough, Carl"]
[Result "1-0"]
[WhiteElo "1756"]
[BlackElo "951"]
[PlyCount "94"]
[EventDate "2021.01.28"]
[EventType "tourn (corr)"]
[EventRounds "6"]
[EventCountry "GER"]
[SourceTitle "Corr 2024"]
[Source "ChessBase"]
[SourceDate "2023.10.19"]
[SourceVersion "1"]
[SourceVersionDate "2023.10.19"]
[SourceQuality "1"]

1. d4 d5 2. c4 dxc4 3. Nf3 Nf6 4. e3 Bg4 5. Bxc4 e6 6. Nc3 Bb4 7. Qa4+ Nc6 8. Ne5 0-0 9. Nxc6 Bxc3+ 10. bxc3 bxc6 11. Qxc6 Qe7 12. Qa4 Bf5 13. Ba3 Qd7 14. Qxd7 Nxd7 15. Bxf8 Nxf8 16. f3 Nd7 17. e4 Nb6 18. Bb3 Bg6 19. 0-0 Rd8 20. Rad1 c6 21. Rfe1 a5 22. a3 a4 23. Ba2 Nd7 24. d5 cxd5 25. exd5 Nc5 26. dxe6 Nd3 27. e7 Re8 28. Rxd3 Bxd3 29. Rd1 Bb5 30. Rd8 g6 31. Kf2 Kg7 32. Rxe8 Bxe8 33. Ke3 f5 34. Kd4 Kf6 35. Bg8 Kxe7 36. Ke5 h5 37. c4 Bc6 38. Bd5 Bd7 39. c5 Be8 40. h4 Kd7 41. Kf6 Kc7 42. Bf7 Bxf7 43. Kxf7 Kc6 44. Kxg6 Kxc5 45. Kxh5 Kc4 46. Kg5 Kb3 47. h5 Kxa3 1-0

[Event "LSS No Engine Cup 213 Preliminary 0"]
[Site "LSS email"]
[Date "2021.01.28"]
[Round "?"]
[White "Ramponelli, Roberto"]
[Black "Herzog, Klaus"]
[Result "0-1"]
[WhiteElo "1756"]
[BlackElo "2185"]
[PlyCount "70"]
[EventDate "2021.01.28"]
[EventType "tourn (corr)"]
[EventRounds "6"]
[EventCountry "GER"]
[SourceTitle "Corr 2024"]
[Source "ChessBase"]
[SourceDate "2023.10.19"]
[SourceVersion "1"]
[SourceVersionDate "2023.10.19"]
[SourceQuality "1"]

1. e4 e5 2. Nf3 Nc6 3. Bc4 Bc5 4. b4 Bxb4 5. c3 Be7 6. d4 Na5 7. Bd3 d6 8. dxe5 dxe5 9. Nxe5 Nf6 10. 0-0 0-0 11. Nd2 Ng4 12. Ndf3 Nxe5 13. Nxe5 Qd6 14. Nf3 Rd8 15. Ne1 Be6 16. Qc2 h6 17. Be3 Nc4 18. Bc1 Na3 19. Qa4 Qc5 20. Be3 Qxc3 21. Rc1 Qb4 22. Qxb4 Bxb4 23. Be2 a5 24. Rxc7 b5 25. f4 Bxa2 26. f5 Bc4 27. Bxc4 Nxc4 28. Bc1 Bd6 29. Rb7 Bc5+ 30. Kh1 Rd1 31. Bf4 b4 32. f6 a4 33. fxg7 a3 34. Bxh6 a2 35. Rbxf7 Rxe1 0-1

[Event "CP-2019-Q-00003"]
[Site "LSS email"]
[Date "2019.11.27"]
[Round "?"]
[White "Ramponelli, Roberto"]
[Black "Kolanek, Sylwia"]
[Result "1/2-1/2"]
[WhiteElo "2227"]
[BlackElo "2091"]
[PlyCount "53"]
[EventDate "2019.12.01"]
[EventType "tourn (corr)"]
[EventRounds "6"]
[EventCountry "GER"]
[SourceTitle "Corr 2022"]
[Source "ChessBase"]
[SourceDate "2021.10.24"]
[SourceVersion "1"]
[SourceVersionDate "2021.10.24"]
[SourceQuality "1"]

1. e4 e5 2. Nf3 Nc6 3. Bc4 Bc5 4. c3 Nf6 5. d3 d6 6. b4 Bb6 7. a4 a5 8. b5 Ne7 9. Nbd2 Ng6 10. 0-0 0-0 11. Ba2 c6 12. Ba3 Re8 13. Nc4 Bc7 14. Ne3 d5 15. Qc2 h6 16. Rab1 Rb8 17. Rfe1 Nf4 18. b6 Bd6 19. Bxd6 Qxd6 20. exd5 cxd5 21. d4 e4 22. Ne5 Rxe5 23. dxe5 Qxe5 24. Rb5 Bd7 25. Rxa5 Qd6 26. Qd2 Qxb6 27. Rxd5 1/2-1/2